| 000 | 01250nam a2200337 c 4500 | ||
|---|---|---|---|
| 003 | BLK | ||
| 005 | 20250724140147.0 | ||
| 008 | 180409b bul|||||r ||||||| ||bul|| | ||
| 010 | _aKNG00135209000 | ||
| 020 |
_a978-954-655-302-7 _bиздат.: Бард |
||
| 040 | _aBLK | ||
| 041 |
_aBUL _cBUL |
||
| 072 | 7 |
_2bullib _aН83 _xЧужда художествена литература Н |
|
| 080 |
_aАмериканска литература (на САЩ) _b821.111(73) _x-31 _z821.111(73)-31 |
||
| 100 | 1 |
_aСтийл, Даниел _eпърви автор _9363685 |
|
| 139 |
_aСтийл, Даниел _bС 76 |
||
| 245 | 1 | 0 |
_aВтори шанс _bРоман _cДаниел Стийл; прев. Цветана Тодорова Генчева. |
| 257 | _aUSA | ||
| 260 |
_аСофия _bБард _c2012 _fХасково : Полиграфюг |
||
| 300 |
_a240 с. _c20 см |
||
| 380 | _aX | ||
| 500 | _aОриг. загл. Second Chance / Danielle Steel. | ||
| 653 | _aромани | ||
| 659 | _aН | ||
| 852 | _aЦб 256791 | ||
| 856 | 4 |
_qpdf _u |
|
| 856 | 4 |
_qpdf _u |
|
| 942 |
_cKNG _n0 _0192 |
||
| 944 |
_aCR _c18.10.2012 _lМинев Младен _k30530 |
||
| 944 |
_aED _c04.02.2016 _lф / _kЛюдмила_Стоянова |
||
| 999 |
_c129472 _d129472 |
||